Word Ladder: Happy Birthday Quiz Stats

Quiz Updated Nov 30, 2014

Challenge
Share
Tweet
Embed
Score 0/16 Timer 03:00
5 Plays Today
Clue 4-Letter Word % Correct
What you eat on your birthdayCAKE
99.9%
The opposite of loveHATE
95.7%
To cook #1 in the ovenBAKE
95.5%
Send this with a birthday giftCARD
95.1%
Blow out the candles, and make thisWISH
93.2%
A wrapped bundle of hay BALE
91.2%
To look after someone or somethingCARE
91.1%
DestinyFATE
90.5%
Clue 4-Letter Word % Correct
To cleanWASH
89.1%
Headpieces sometimes worn at partiesHATS
88.5%
Breakfast side with corned beefHASH
87.1%
Went to your birthday partyCAME
84.6%
Lady Gaga is doin' it for the____FAME
84.6%
A poet, like ShakespeareBARD
83.7%
Having a shiny pateBALD
81.8%
Possesses, archaicallyHATH
79.1%

Today's Daily Dose

Missing Word
Ubisoft Games

Word Ladder
Physics Phun

Quick Pick
Me an EGOT II

On This Day
May 27th II

You're not logged in!

Compare scores with friends on all Sporcle quizzes.
Join for Free
OR
Log In

You Might Also Like...

Show Comments

Extras

Top Quizzes Today


Score Distribution

Your Account Isn't Verified!

In order to create a playlist on Sporcle, you need to verify the email address you used during registration. Go to your Sporcle Settings to finish the process.

Report this User

Report this user for behavior that violates our Community Guidelines.

Details: